La planificación de ventas, arma secreta del vendedor excelente (Registro nro. 25413)

Detalles MARC
000 -ENCABEZADO
Número de control [NR] 00884nam a2200217Ia 4500
008 - DE LONGITUD FIJA DE DATOS DE ELEMENTOS - INFORMACIÓN GENERAL
Elementos de longitud fija [NR] 130821s xx gs spa
040 ## - FUENTE DE CATALOGACION [NR]
Agencia de catalogación original [NR] Co-BoUCM
Idioma de catalogación [NR] spa
041 00 - CODIGO DE IDIOMA [R]
Código de idioma para texto/pista de sonido o título separado [R] Español
092 ## - SIGNATURA TOPOGRAFICA LOCAL
Número de clasificación local CV 0495
092 ## - SIGNATURA TOPOGRAFICA LOCAL
Número de clasificación local DVD 0935
110 2# - ASIENTO PRINCIPAL--NOMBRE CORPORATIVO [NR]
Nombre corporativo o de jurisdicción como elemento de entrada [NR] ODE Video Formación Empresarial
245 13 - MENCION DE TITULO [NR]
Título [NR] La planificación de ventas, arma secreta del vendedor excelente
Mención de responsabilidad, etc. [NR] [videograbación]
-- ODE Video Formación Empresarial
260 ## - PUBLICACION, DISTRIBUCION, ETC. (PIE DE IMPRENTA) [R]
Lugar de publicación, distribución, etc. [R] [Lugar desconocido]
Nombre del editor, distribuidor, etc. [R] [Editorial desconocida]
Fecha de publicación, distribución, etc. [R] [fecha desconocida]
300 ## - DESCRIPCION FISICA [R]
Extensión [R] 1 videocasete vhs 24 min.
Material acompañante [NR] 1 DVD
500 ## - NOTA GENERAL [R]
Nota general [NR] Expone el Sr. Martin Llachllatje sobre cómo ser un excelente vendedor, cuáles son sus principales tareas y cómo fijarse objetivos
650 04 - ASIENTO SECUNDARIO DE MATERIA - TERMINO TEMATICO [R]
9 (RLIN) 435
Término temático o nombre geográfico como elemento de entrada [NR] Administración de empresas
650 04 - ASIENTO SECUNDARIO DE MATERIA - TERMINO TEMATICO [R]
Término temático o nombre geográfico como elemento de entrada [NR] Personal de ventas
9 (RLIN) 21409
650 04 - ASIENTO SECUNDARIO DE MATERIA - TERMINO TEMATICO [R]
Término temático o nombre geográfico como elemento de entrada [NR] Vendedores y arte de vender
9 (RLIN) 26129
650 04 - ASIENTO SECUNDARIO DE MATERIA - TERMINO TEMATICO [R]
Término temático o nombre geográfico como elemento de entrada [NR] Ventas
9 (RLIN) 26141
942 ## - ELEMENTOS DE ENTRADA AGREGADOS (KOHA)
Tipo de ítem principal el descrito en 300a Multimedia
Sistema de clasificación LOCAL
Tema principal Administración
Edición 1
Existencias
Fecha de último préstamo Total préstamos Código de barras Última vez visto Volúmen / Fascículo Ejemplar Price effective from Tipo de ítem Perdido Sistema de clasificación Dañado No prestable Tipo de ítem específico Suprimido Ubicación habitual Ubicación actual Localización Fecha de creación Forma de adquisición Costo
18/05/2012   100124261 29/08/2023 DVD 0935 Ej.3 03/02/2013 Multimedia   DEWEY     DVD   Bodega Bodega Préstamo 4 días después de solicitado 28/02/2012 Donación 0.00
18/05/2012   100124262 10/12/2024 DVD 0935 Ej.4 03/02/2013 Multimedia   DEWEY     DVD   Claustro Claustro Colección digital 28/02/2012 Donación 0.00
18/05/2012   100124259 09/12/2025 DVD 0935 Ej.1 03/02/2013 Multimedia   LOCAL   Préstamo restringido DVD   Procesos Técnicos Procesos Técnicos (no para préstamo) Procesos Técnicos 28/02/2012 Donación 0.00
18/05/2012   100124260 09/12/2025 DVD 0935 Ej.2 03/02/2013 Multimedia   LOCAL   Préstamo restringido DVD   Procesos Técnicos Procesos Técnicos (no para préstamo) Procesos Técnicos 28/02/2012 Donación 0.00